| 000 | 00785nam a22002291i 4500 | ||
|---|---|---|---|
| 001 | 64755 | ||
| 003 | ES-MaACL | ||
| 005 | 20250802063108.0 | ||
| 007 | t| | ||
| 008 | 040105s1978 sp ||||0| spa j | ||
| 016 | 7 |
_zIBH8100909649 _zBNE19920648851 _zIBH8505902147 |
|
| 040 |
_aIBH _bspa _cM-BN-DP _dM-BN-DP |
||
| 100 | 1 |
_aFoucault, Michel, _d1926-1984 _9241486 |
|
| 245 | 1 | 0 |
_aVigilar y castigar _b: nacimiento de la prisión / _cMichel Foucault ; [traducción de Aurelio Gaarzón del Camino]. |
| 250 | _a[3ª ed.]. | ||
| 260 |
_a[Madrid, etc.] : _bSiglo Veintiuno, _c[1978] |
||
| 300 |
_a314, [30] p. de lám. ; _c21 cm. |
||
| 700 | 1 |
_aGarzón del Camino, Aurelio. _955821 |
|
| 852 |
_aES-MaACL _jA-10160 _bR.98706 |
||
| 999 |
_c64755 _d64755 |
||